000
00290nam a2200109Ia 4500
008
200302s9999 xx 000 0 und d
100
_a
Albert R. Jarrett
245
_a
Golf Course & Grounds Irrigation and Drainage
260
_b
Reston Publishing Co. Inc.
260
_c
1985
300
_a
246 P.,
999
_c
2056
_d
2056